<?xml version="1.0" encoding="UTF-8"?>
<collection xmlns="http://www.loc.gov/MARC21/slim">
 <record>
  <leader>00520pamaa2200169   4500</leader>
  <controlfield tag="001">0000013196</controlfield>
  <controlfield tag="005">20060505090000.0</controlfield>
  <datafield tag="020" ind1="0" ind2="0">
   <subfield code="a">0425102467 </subfield>
  </datafield>
  <datafield tag="082" ind1=" " ind2=" ">
   <subfield code="a">291.22 EDG</subfield>
  </datafield>
  <datafield tag="090" ind1="0" ind2="0">
   <subfield code="a">BL2015.K3 </subfield>
   <subfield code="b">WOD</subfield>
  </datafield>
  <datafield tag="245" ind1="0" ind2="0">
   <subfield code="a">Edgar Cayce's story of karma  </subfield>
   <subfield code="c">selection, arrangement and comments by Mary Ann Woodward ; introduction by Hughy Lynn Cayce.</subfield>
  </datafield>
  <datafield tag="260" ind1="0" ind2="0">
   <subfield code="a">New York: </subfield>
   <subfield code="b">Berkley Books, </subfield>
   <subfield code="c">1971.</subfield>
  </datafield>
  <datafield tag="300" ind1=" " ind2=" ">
   <subfield code="a">256p.; </subfield>
   <subfield code="c">18cm.</subfield>
  </datafield>
  <datafield tag="650" ind1="0" ind2="0">
   <subfield code="a">Religion </subfield>
  </datafield>
  <datafield tag="700" ind1="1" ind2="1">
   <subfield code="a">Woodward, </subfield>
   <subfield code="h">Mary Ann </subfield>
  </datafield>
  <datafield tag="700" ind1="1" ind2="1">
   <subfield code="a">CAYCE, </subfield>
   <subfield code="h">Hugh Lynn </subfield>
  </datafield>
  <datafield tag="700" ind1="1" ind2="1">
   <subfield code="a">Cayce, </subfield>
   <subfield code="h">Edgar </subfield>
  </datafield>
 </record>
</collection>
